| 000 | 00443 a2200157 4500 | ||
|---|---|---|---|
| 005 | 20250625131857.0 | ||
| 020 | _a0-07-232058-3 | ||
| 082 | _a519.5 BOW | ||
| 100 | _aBOWERMAN,, B. L. | ||
| 245 | _aBusiness Statistic in Practice | ||
| 250 | _a2nd Ed. | ||
| 260 |
_aNew York, _bMcGraw Hill, _c2001. |
||
| 300 |
_axxiii, 849p.;ill.; figure, table, picture _bReference & Index _c27cm |
||
| 700 | _aO'CONNEL, R. T. & HAND, M. L. | ||
| 942 |
_2ddc _cBKS |
||
| 999 |
_c5069 _d5069 |
||